000
00323 a2200145 4500
001
172593
020
_a
040
_c
Magnum
100
_a
Bueno, Maria Celia
240
1
0
_a
Zé caracol quer usar gravata
_l
por
245
1
0
_a
Zé caracol quer usar gravata
300
_a
16
697
_a
LITERATURA INFANTIL
942
_c
BK
999
_c
172593
_d
172593